| 000 | 00517nam a22001457a 4500 | ||
|---|---|---|---|
| 005 | 20120412113541.0 | ||
| 020 |
_a0195668316 _c695.00 |
||
| 035 | _aB-129757 | ||
| 037 |
_aDPL _bENG |
||
| 245 |
_aHandbook of Indian sociology / _cedited by Veena Das |
||
| 260 |
_aNew Delhi _bOxford University Press _c2004 |
||
| 300 |
_a502p. _c26 cms. |
||
| 942 |
_2ddc _cEN _h301.0954 _mHAN |
||
| 999 |
_c64902 _d64902 |
||